Mahler functions and transcendence

Αποθηκεύτηκε σε:
Λεπτομέρειες βιβλιογραφικής εγγραφής
Κύριος συγγραφέας: Nishioka, Kumiko 1954-
Μορφή: Βιβλίο
Γλώσσα:English
Δημοσίευση: Berlin ; New York : Springer-Verlag, c1996
Σειρά:Lecture notes in mathematics (Springer-Verlag) ; 1631
Θέματα:
Ετικέτες: Προσθήκη ετικέτας
Δεν υπάρχουν, Καταχωρήστε ετικέτα πρώτοι!

MARC

LEADER 00000nam a2200000 i 4500
001 1/90750
008 991001s1996 eng d
020 |a 3-540-61472-9 
035 |l 10053248 
040 |a GR-MY-UA  |b gre  |e aacr 
041 0 |a eng 
082 0 |a 515.22 
100 1 |a Nishioka, Kumiko  |d 1954- 
245 1 0 |a Mahler functions and transcendence /  |c Kumiko Nishioka 
260 |a Berlin ; New York :   |b Springer-Verlag,   |c c1996 
300 |a viii, 185 p.;  |c 24 cm. 
490 1 |a Lecture notes in mathematics (Springer-Verlag)  |v ; 1631 
504 |a Includes bibliographical references and index 
650 0 0 |a p-adic analysis. 
650 0 0 |a Numerical functions. 
830 0 |a Lecture notes in mathematics (Springer-Verlag)  |v ; 1631 
852 |a INST  |b SAMOS  |e 19991001  |h 515.22 NIS  |p 005300016972  |q 005300016972  |t BK  |y 0 
901 |a BIBL3-1999-3 
909 |a Σ  |b 067380 
922 |a 3ΕΛΗ  |b 199909  |c ΕΠΕΑΕΚ/ΜΑΘ  |d ΠΑΠΑΣΩΤΗΡΙΟΥ 
970 |a ΚΟΣΙΕΡΗΣ  |b ΧΡΗΣΤΟΣ  |z 1999/10/01